000 00952nam a22002177a 4500
999 _c7800
_d7800
003 AR-CdUCM
008 190321b ||||| |||| 00| 0 spa d
040 _aMUNICIPALIDAD PROVINCIAL DEL CUSCO
_cBIBLIOTECA MUNICIPAL DEL CUSCO
041 _hrus
082 _a575 /
_bM62
100 _aMichurin, I. V.
_922051
245 _aObras escogidas /
260 _aMoscu :
_bMir,
_c1967.
300 _a478 paginas ;
_bIlustraciones,
_c25 cm.
505 _aContenido : Mis experiencias para la obtención de nuevas variedades de plantas frutales -- Mis experiencias para la obtención de nuevas variedades de ciruelos en las zonas de clima riguroso -- Al contribuir a la hibridacion se logra un medio mas seguro de aclimatación -- Lo que se debe tratar de conseguir en las nuevas variedades de plantas frutales...
650 _aPlantas
_919530
650 _aArboles frutales
_921091
650 _aGerminación
_922052
942 _2ddc
_cLIBROS
945 _awnts